000 00808nam a2200265 4500
001 43614
010 _a9789722527163
021 _b363106/13
090 _a43614
100 _a20131216d2013 m y0pory50030103ba
101 1 _apor
102 _aPT
200 1 _aLugares escuros
_fGillian Flynn
_gtrad. Tânia Ganho
_grev. Catarina Andrade
205 _a1.ª ed.
210 9 _aLisboa
_cBertrand,
_d2013
215 _a414, [2] p.
_d24 cm
225 2 _aGrandes romances
304 _aTít. orig.: Dark places
675 _a821.111(73)-312.4"20"
_vBN
_zpor
700 1 _aFlynn,
_bGillian,
_f1971-
702 1 _aGanho,
_bTânia,
_f1973-
_4730
702 1 _aAndrade,
_bCatarina
_4675
801 0 _aPT
_bBN
_gRPC
856 4 1 _uhttp://rnod.bnportugal.gov.pt/ImagesBN/winlibimg.aspx?skey=&doc=1858830&img=36228&save=true
990 _cLIVROS